| 000 | 00579nam a22001937a 4500 | ||
|---|---|---|---|
| 999 |
_c9289 _d9289 |
||
| 003 | AR-CdUCM | ||
| 008 | 190327b ||||| |||| 00| 0 spa d | ||
| 040 |
_aMUNICIPALIDAD PROVINCIAL DEL CUSCO _cBIBLIOTECA MUNICIPAL DEL CUSCO |
||
| 082 |
_a869.4039 / _bG98 |
||
| 100 |
_aGuzmán, Augusto _925396 |
||
| 245 | _aLa Novela en Bolivia / | ||
| 260 |
_aLa Paz - Bolivia : _bJuventud ; _c1955. |
||
| 300 |
_a180 páginas ; _c21cm |
||
| 505 | _aContenido: Novela | ||
| 650 |
_aNovela boliviana _925397 |
||
| 650 |
_aHistoria y crítica _95993 |
||
| 942 |
_2ddc _cLIBROS |
||
| 945 | _anom | ||